Baltic Sea Countries Quiz Stats

 Plays Quiz Updated Nov 26, 2018

Support Sporcle.
Go Orange.
Score 0/9 Timer 01:00
2 Plays Today
% Correct
Russia
95.6%
Finland
92.9%
Sweden
92.2%
Latvia
91.8%
Estonia
91.4%
Lithuania
89.8%
Poland
89.1%
Denmark
88.8%
Germany
87.8%

From the Vault

'Mulan' Start to Finish

by Thebiguglyalien

Movies 4m
If you just want to remember the plot, this quiz is a lot faster than a rewatch.
Remove Ads.
Support Sporcle.
Get the best of Sporcle when you Go Orange. This ad-free experience offers more features, more stats, and more fun while also helping to support Sporcle. Thank you for becoming a member.

Show Comments

Extras

Top Quizzes Today


Score Distribution

Your Account Isn't Verified!

In order to create a playlist on Sporcle, you need to verify the email address you used during registration. Go to your Sporcle Settings to finish the process.

Report this User

Report this user for behavior that violates our Community Guidelines.

Details: